000 00429nam a2200157Ia 4500
008 090711s9999 xx 000 0 und d
082 _b54228
100 _aधुरी विरेंद्र ह.
245 _aवंश
260 _c1986
600 _aधुरी विरेंद्र ह.
630 _aवंश
700 _aधुरी विरेंद्र ह.
730 _aवंश
942 _cBOOK
999 _c326879
_d326879